Obecné polície na Slovensku. Stručná analýza verejnej služby

Miestna samospráva na Slovensku má možnosť zriadiť vlastný zbor pre vynucovania práva na jej území vo forme obecnej polície. Túto možnosť však využíva iba zlomok miestnych samospráv. Ak sa miestna samospráva k zriadeniu obecnej polície odhodlá je otázne aké priority v oblasti vynucovania práva stano...

Full description

Saved in:
Bibliographic Details
Main Author: Černěnko, Tomáš, 1981-
Format: Book Chapter
Language:Slovak
Subjects:
Tags: Add Tag
No Tags, Be the first to tag this record!

MARC

LEADER 00000naa$a2200000$$$4500
001 0313222
005 20251120093417.4
041 0 |a slo 
044 |a SK 
245 1 0 |a Obecné polície na Slovensku. Stručná analýza verejnej služby  |c Tomáš Černěnko 
520 |a Miestna samospráva na Slovensku má možnosť zriadiť vlastný zbor pre vynucovania práva na jej území vo forme obecnej polície. Túto možnosť však využíva iba zlomok miestnych samospráv. Ak sa miestna samospráva k zriadeniu obecnej polície odhodlá je otázne aké priority v oblasti vynucovania práva stanoví – či sa pokúsi o komplexný prístup a teda vynucovanie práva vo všetkých zverených oblastiach alebo sa uchýli k jednoduchým riešeniam. Cieľom príspevku je poskytnúť stručnú analýzu fungovania obecných polícií na Slovensku na základe údajov o výdavkoch miestnej samosprávy a správach o činnosti obecných polícií. 
610 2 0 |a polícia 
610 2 0 |a obce 
610 2 0 |a zložky bezpečnostné 
610 2 0 |a samospráva miestna 
610 2 0 |a kompetencie 
610 2 0 |a služba verejná 
610 2 0 |a ukazovatele štatistické 
100 1 |a Černěnko, Tomáš, 1981-